Capitals of the 13 Colonies - Statistics

General Stats
  • This quiz has been taken 1,941 times
  • The average score is 10 of 13
Answer Stats
Country Capital % Correct
Massachusetts Boston
89%
New York Albany
87%
Georgia Atlanta
86%
North Carolina Raleigh
86%
Delaware Dover
81%
South Carolina Colombia
79%
Connecticut Hartford
79%
Rhode Island Providence
77%
Virginia Richmond
77%
Pennsylvania Harrisburg
76%
Maryland Annapolis
74%
New Hampshire Concord
74%
New Jersey Trenton
74%
No matching quizzes found
Score Distribution
Percent of People with Each Score
Percentile by Number Answered
Your Score History
You have not taken this quiz